<?xml version="1.0" encoding="UTF-8"?>
<record
    xmlns:xsi="http://www.w3.org/2001/XMLSchema-instance"
    xsi:schemaLocation="http://www.loc.gov/MARC21/slim http://www.loc.gov/standards/marcxml/schema/MARC21slim.xsd"
    xmlns="http://www.loc.gov/MARC21/slim">

  <leader>02806cam a2200169   4500500</leader>
  <controlfield tag="005">20260208003436.0</controlfield>
  <datafield tag="041" ind1=" " ind2=" ">
    <subfield code="a">fre</subfield>
  </datafield>
  <datafield tag="042" ind1=" " ind2=" ">
    <subfield code="a">dc</subfield>
  </datafield>
  <datafield tag="100" ind1="1" ind2="0">
    <subfield code="a">Cassimatis, H&#xE9;l&#xE8;ne</subfield>
    <subfield code="e">author</subfield>
  </datafield>
  <datafield tag="245" ind1="0" ind2="0">
    <subfield code="a">Clarck Andrew&#xA0;J., Gaunt Jasper, Gilman Benedicte &#xE9;d., Essays in Honour of Dietrich von Bothmer, Amsterdam, Allard Pierson Series, 2002, 2 vol. 22,5 &#xD7; 32&#xA0;; vol.&#xA0;1.&#xA0;: Text, 348&#xA0;p., fig.&#xA0;ds&#xA0;t.&#xA0;; vol.&#xA0;2&#xA0;: Plates, 88&#xA0;pl.</subfield>
  </datafield>
  <datafield tag="260" ind1=" " ind2=" ">
    <subfield code="c">2004.
							</subfield>
  </datafield>
  <datafield tag="500" ind1=" " ind2=" ">
    <subfield code="a">17</subfield>
  </datafield>
  <datafield tag="520" ind1=" " ind2=" ">
    <subfield code="a">On a r&#xE9;cemment pens&#xE9; qu&#x2019;un bloc fragmentaire en calcaire, consid&#xE9;r&#xE9; depuis longtemps comme &#xE9;tant un tambour de colonne de l&#x2019;H&#xE9;raion d&#x2019;Argos, aurait peut-&#xEA;tre port&#xE9; des traces de tour &#xE0; pierre. M&#xEA;me si la date du premier p&#xE9;ript&#xE8;re d&#x2019;H&#xE9;ra &#xE0; Argos ne fait pas l&#x2019;unanimit&#xE9; (dans le courant du VIIe&#xA0;si&#xE8;cle av.&#xA0;J.-C.), ce seraient alors les plus anciennes traces de ce type, ant&#xE9;rieures &#xE0; celles relev&#xE9;es en grand nombre sur les bases des deux dipt&#xE8;res successifs d&#x2019;H&#xE9;ra &#xE0; Samos, conform&#xE9;ment &#xE0; une affirmation de Pline l&#x2019;Ancien, qui attribue l&#x2019;invention du tornos &#xE0; Th&#xE9;odoros de Samos. Toutefois, un r&#xE9;examen attentif de ce bloc argien permet d&#x2019;assurer qu&#x2019;il est d&#xE9;pourvu de traces de tour et qu&#x2019;il s&#x2019;agit en r&#xE9;alit&#xE9; d&#x2019;une base conique, sans doute pour supporter et isoler de l&#x2019;humidit&#xE9; un f&#xFB;t en bois. Br&#xE8;ves comparaisons avec l&#x2019;architecture des Cyclades et avec les restes d&#x2019;autres temples p&#xE9;ript&#xE8;res du VIIe&#xA0;si&#xE8;cle, dans le cadre des d&#xE9;buts de l&#x2019;architecture dorique en Gr&#xE8;ce continentale, marqu&#xE9;s par le ph&#xE9;nom&#xE8;ne de la &#xAB;&#xA0;p&#xE9;trification&#xA0;&#xBB;.</subfield>
  </datafield>
  <datafield tag="520" ind1=" " ind2=" ">
    <subfield code="a">Lathe marks on the Argive Heraion&#xA0;?It has recently been thought that a fragmentary architectural block&#x2014;long considered as the drum of a column of the Argive Heraion&#x2014;might bear marks from a stone-lathe. Even if the first peripteros of Hera in Argos is not unanimously dated (in the course of the 7th&#xA0;century&#xA0;B.&#xA0;C.), it would become the first monument to bear such marks, older than the many marks observed on the bases of the two successive peripteroi on Samos, if we follow Pliny the Elder who credited Theodoros of Samos with the invention of the tornos. However, careful re-examination of the Argive block assures that there are no lathe traces on its surface. In fact, the block must be a conical base which probably supported a wooden shaft and protected it from humidity. Brief comparisons with Cycladic architecture and other peripteral temples of the 7th&#xA0;century, in the early years of Doric architecture, demonstrate the phenomenon of &#xAB;&#xA0;petrification&#xA0;&#xBB;, in Continental Greece.</subfield>
  </datafield>
  <datafield tag="786" ind1="0" ind2=" ">
    <subfield code="n">Revue arch&#xE9;ologique | 37 | 1 | 2004-03-01 | p. 79m-144m | 0035-0737</subfield>
  </datafield>
  <datafield tag="856" ind1="4" ind2="1">
    <subfield code="u">https://shs.cairn.info/revue-archeologique-2004-1-page-79m?lang=fr&amp;redirect-ssocas=7080</subfield>
  </datafield>
  <datafield tag="999" ind1=" " ind2=" ">
    <subfield code="c">1648008</subfield>
    <subfield code="d">1648008</subfield>
  </datafield>
</record>
